| 000 | 00719nam a22002537a 4500 | ||
|---|---|---|---|
| 999 |
_c127574 _d127574 |
||
| 003 | dpl | ||
| 005 | 20190906180957.0 | ||
| 008 | 190906b ||||| |||| 00| 0 eng d | ||
| 010 | _aB-168634, B-131216 | ||
| 020 | _c245.00 | ||
| 035 | _aB-168634 | ||
| 035 | _aB-131216 | ||
| 037 | _bCen Lib/Ret | ||
| 040 |
_aDPL _bEN _cdpl |
||
| 082 |
_a530 _bSIN |
||
| 100 |
_aSingh, Surekha _920888 |
||
| 245 |
_aUGC CSIR NET/JRF/SLET physics / _cby Surekha Singh |
||
| 260 |
_aAgra _bUpkar prakashan _c? |
||
| 270 |
_a2/11A,Swadeshi Bima Nagar _bAgra _e282002 |
||
| 300 |
_aVarious pages _c23cm(Hb) |
||
| 650 |
_aPhysic _920889 |
||
| 650 |
_aCompetition examination _920890 |
||
| 942 |
_2ddc _cEN _h530 _mSIN |
||